| 000 | 01323nam a2200325 a 4500 | ||
|---|---|---|---|
| 001 | ebr10627217 | ||
| 003 | CaPaEBR | ||
| 006 | m u | ||
| 007 | cr cn||||||||| | ||
| 008 | 121207s2007 enk sb 001 0 eng d | ||
| 020 | _z9780719076084 (hardback) | ||
| 020 | _z9781847794468 (e-book) | ||
| 040 |
_aCaPaEBR _cCaPaEBR |
||
| 035 | _a(OCoLC)607836785 | ||
| 043 | _af-sa--- | ||
| 050 | 1 | 4 |
_aDT1768.S46 _bM33 2007eb |
| 100 | 1 | _aMacKenzie, John M. | |
| 245 | 1 | 4 |
_aThe Scots in South Africa _h[electronic resource] : _bethnicity, identity, gender and race, 1772-1914 / _cJohn M. MacKenzie with Nigel R. Dalziel. |
| 260 |
_aManchester : _bManchester University Press, _c2007. |
||
| 300 | _axii, 283 p. | ||
| 490 | 1 | _aStudies in imperialism | |
| 504 | _aIncludes bibliographical references and index. | ||
| 533 |
_aElectronic reproduction. _bPalo Alto, Calif. : _cebrary, _d2011. _nAvailable via World Wide Web. _nAccess may be limited to ebrary affiliated libraries. |
||
| 650 | 0 |
_aScots _zSouth Africa _xHistory. |
|
| 655 | 7 |
_aElectronic books. _2local |
|
| 700 | 1 | _aDalziel, Nigel R. | |
| 710 | 2 | _aebrary, Inc. | |
| 830 | 0 | _aStudies in imperialism (Manchester, England) | |
| 856 | 4 | 0 |
_uhttp://site.ebrary.com/lib/rucke/Doc?id=10627217 _zAn electronic book accessible through the World Wide Web; click to view |
| 999 |
_c50300 _d50300 |
||